00330nam a2200121Ia 4500008004100000020001500041041000800056082001200064100001500076245006000091260004800151300000900199220803s9999 xx 000 0 und d a817229008x aeng a823 GAN aGandhi M K aAutobiography : The Story Of My Experiments With Truth  aAhmedabadbNavajivan Publishing Housec2004 a464p